000 01027nam0a22002291 4500
001 rc\124229
005 20250620191651.0
035 _a(NLR Aleph) 005380786
090 _a7098436
_c7098436
100 _a20021216d1992 |||y0rusy50 ca
101 0 _arus
102 _aRU
105 _ay |||||||||
200 1 _aСоветское государство и право: проблемы развития
_eМежвуз. сб. науч. ст.
_fМ-во науки, высш. шк. и техн. политики Рос. Федерации. Сам. гос. ун-т. Каф. теории и истории государства и права
_g[Редкол.: к. ю. н. Л.П. Рожкова (отв. ред.) и др.]
210 _aСамара
_cСам. гос. ун-т
_cРос.-австр. СП "СамВен"
_d1992
215 _a154 с.
_d21
320 _aБиблиогр. в примеч. в конце ст.
801 0 _aRU
_bNLR
_gpsbo
801 1 _aRU
_bELAR
_2rusmarc
852 _aNLR
_j92-3/7318
942 _cBOOK
980 _aNB